Sexo y Amor: Joven, forja tu personalidad
Uloženo v:
| Hlavní autor: | |
|---|---|
| Médium: | Kniha |
| Jazyk: | španělština |
| Vydáno: |
Santiago
Ediciones Paulinas
1980
|
| Vydání: | 6a. ed |
| Edice: | Forjando tu vida, 16
|
| Témata: | |
| Tagy: |
Přidat tag
Žádné tagy, Buďte první, kdo vytvoří štítek k tomuto záznamu!
|
MARC
| LEADER | 00000nam a2200000 a 4500 | ||
|---|---|---|---|
| 001 | UCH4385 | ||
| 003 | CL-VaPUC | ||
| 008 | 090818e19800000CL |||||||||||||||||spa|d | ||
| 082 | 0 | 4 | |a 155.5 |b CAV |2 21 |
| 100 | 0 | |a Caviedes, Miguel |e author |9 539897 | |
| 245 | 1 | 0 | |a Sexo y Amor: Joven, forja tu personalidad |
| 250 | |a 6a. ed | ||
| 300 | |a 185 p | ||
| 942 | |c BK | ||
| 945 | |d 20090818 00:00:00 |a ccalabra | ||
| 260 | |a Santiago |b Ediciones Paulinas |c 1980 | ||
| 650 | 0 | |a Psicología del desarrollo |9 307541 | |
| 650 | 0 | |a Sexualidad |9 358183 | |
| 650 | 0 | |a Adolescencia |9 307361 | |
| 650 | 0 | |a Educación sexual |9 308005 | |
| 650 | 7 | |a CONSEJERIA |2 CL-VaPUC |9 335737 | |
| 650 | 0 | |a Cristianismo |9 257361 | |
| 583 | |a last modification |c 20090818 00:00:00 |k Rodrigo Vera | ||
| 490 | 0 | |a Forjando tu vida, 16 | |
| 999 | |c 335709 |d 335707 | ||